<?xml version="1.0" encoding="UTF-8"?>
<collection xmlns="http://www.loc.gov/MARC21/slim">
    <record>
        <controlfield tag="001">85415</controlfield>
        <controlfield tag="005">20200716101546.0</controlfield>
        <datafield tag="024" ind1="7" ind2=" ">
            <subfield code="2">doi</subfield>
            <subfield code="a">10.3989/redc.2019.3.1607</subfield>
        </datafield>
        <datafield tag="024" ind1="8" ind2=" ">
            <subfield code="2">sideral</subfield>
            <subfield code="a">113284</subfield>
        </datafield>
        <datafield tag="037" ind1=" " ind2=" ">
            <subfield code="a">ART-2019-113284</subfield>
        </datafield>
        <datafield tag="041" ind1=" " ind2=" ">
            <subfield code="a">spa</subfield>
        </datafield>
        <datafield tag="100" ind1=" " ind2=" ">
            <subfield code="0">(orcid)0000-0001-6221-2824</subfield>
            <subfield code="a">Esteban-Navarro, Miguel Ángel</subfield>
            <subfield code="u">Universidad de Zaragoza</subfield>
        </datafield>
        <datafield tag="245" ind1=" " ind2=" ">
            <subfield code="a">Estudio exploratorio sobre la percepción de la gestión de la Inteligencia Competitiva por los directivos en empresas aragonesas sin una práctica sistematizada</subfield>
        </datafield>
        <datafield tag="260" ind1=" " ind2=" ">
            <subfield code="c">2019</subfield>
        </datafield>
        <datafield tag="506" ind1="0" ind2=" ">
            <subfield code="a">Access copy available to the general public</subfield>
            <subfield code="f">Unrestricted</subfield>
        </datafield>
        <datafield tag="520" ind1="3" ind2=" ">
            <subfield code="a">Se identifican y analizan la percepción y las expectativas de los directivos en compañías industriales y de servicios empresariales sin una práctica sistematizada de inteligencia sobre el proceso de Inteligencia Competitiva, con el fin de contribuir al diseño de sistemas de gestión de inteligencia acordes con las necesidades, los procedimientos y la cultura de las empresas. Ante la escasez de estudios sobre la materia, se ha realizado un estudio exploratorio entre directivos y mandos intermedios de compañías sitas en Aragón (España) mediante entrevistas en profundidad semiestructuradas y grupos de discusión. Se concluye que la implantación de la Inteligencia Competitiva debería atender a estas propuestas: promover cambios en la cultura corporativa en favor de una mayor valoración de la información; establecer un sistema de gestión de alto nivel acorde con la normativa sobre sistemas de gestión integrados; vincularla con el ejercicio de las funciones directivas y las áreas funcionales; organizar su producción con un enfoque orientado a la gestión de proyectos; dotar de competencias en inteligencia a los mandos intermedios para que participen en su creación; y fijar códigos éticos adaptados a las particularidades de cada sector.</subfield>
        </datafield>
        <datafield tag="540" ind1=" " ind2=" ">
            <subfield code="9">info:eu-repo/semantics/openAccess</subfield>
            <subfield code="a">by</subfield>
            <subfield code="u">http://creativecommons.org/licenses/by/3.0/es/</subfield>
        </datafield>
        <datafield tag="590" ind1=" " ind2=" ">
            <subfield code="a">1.295</subfield>
            <subfield code="b">2019</subfield>
        </datafield>
        <datafield tag="591" ind1=" " ind2=" ">
            <subfield code="a">INFORMATION SCIENCE &amp; LIBRARY SCIENCE</subfield>
            <subfield code="b">53 / 87 = 0.609</subfield>
            <subfield code="c">2019</subfield>
            <subfield code="d">Q3</subfield>
            <subfield code="e">T2</subfield>
        </datafield>
        <datafield tag="592" ind1=" " ind2=" ">
            <subfield code="a">0.497</subfield>
            <subfield code="b">2019</subfield>
        </datafield>
        <datafield tag="593" ind1=" " ind2=" ">
            <subfield code="a">Library and Information Sciences</subfield>
            <subfield code="c">2019</subfield>
            <subfield code="d">Q2</subfield>
        </datafield>
        <datafield tag="655" ind1=" " ind2="4">
            <subfield code="a">info:eu-repo/semantics/article</subfield>
            <subfield code="v">info:eu-repo/semantics/publishedVersion</subfield>
        </datafield>
        <datafield tag="700" ind1=" " ind2=" ">
            <subfield code="0">(orcid)0000-0002-7816-0050</subfield>
            <subfield code="a">García-Madurga, Miguel Ángel</subfield>
            <subfield code="u">Universidad de Zaragoza</subfield>
        </datafield>
        <datafield tag="710" ind1="2" ind2=" ">
            <subfield code="1">4012</subfield>
            <subfield code="2">650</subfield>
            <subfield code="a">Universidad de Zaragoza</subfield>
            <subfield code="b">Dpto. Direcc.Organiza.Empresas</subfield>
            <subfield code="c">Área Organización de Empresas</subfield>
        </datafield>
        <datafield tag="710" ind1="2" ind2=" ">
            <subfield code="1">3011</subfield>
            <subfield code="2">040</subfield>
            <subfield code="a">Universidad de Zaragoza</subfield>
            <subfield code="b">Dpto. Ciencias Doc. Hª Ciencia</subfield>
            <subfield code="c">Área Biblioteconomía y Docum.</subfield>
        </datafield>
        <datafield tag="773" ind1=" " ind2=" ">
            <subfield code="g">42, 3 (2019), 1-19</subfield>
            <subfield code="p">Rev. esp. doc. cient.</subfield>
            <subfield code="t">Revista Espanola de Documentacion Cientifica</subfield>
            <subfield code="x">0210-0614</subfield>
        </datafield>
        <datafield tag="856" ind1="4" ind2=" ">
            <subfield code="s">373731</subfield>
            <subfield code="u">http://zaguan.unizar.es/record/85415/files/texto_completo.pdf</subfield>
            <subfield code="y">Versión publicada</subfield>
        </datafield>
        <datafield tag="856" ind1="4" ind2=" ">
            <subfield code="s">98551</subfield>
            <subfield code="u">http://zaguan.unizar.es/record/85415/files/texto_completo.jpg?subformat=icon</subfield>
            <subfield code="x">icon</subfield>
            <subfield code="y">Versión publicada</subfield>
        </datafield>
        <datafield tag="909" ind1="C" ind2="O">
            <subfield code="o">oai:zaguan.unizar.es:85415</subfield>
            <subfield code="p">articulos</subfield>
            <subfield code="p">driver</subfield>
        </datafield>
        <datafield tag="951" ind1=" " ind2=" ">
            <subfield code="a">2020-07-16-09:43:17</subfield>
        </datafield>
        <datafield tag="980" ind1=" " ind2=" ">
            <subfield code="a">ARTICLE</subfield>
        </datafield>
    </record>

    
</collection>